Tradičné a regionálne potraviny z pohľadu spotrebiteľov v SR bakalárska práca

Salvato in:
Dettagli Bibliografici
Autore principale: Pazúriková, Veronika
Ente Autore: Obchodná fakulta EU. Katedra tovaroznalectva a kvality tovaru
Altri autori: Jarossová, Malgorzata Agnieszka, 1978-
Natura: Libro
Lingua:slovacco
Pubblicazione: Bratislava 2014
Tags: Aggiungi Tag
Nessun Tag, puoi essere il primo ad aggiungerne!!

MARC

LEADER 00000nbm a2200000 4500
001 0188298
005 20170201101332.5
041 0 |a slo 
044 |a SK 
245 1 0 |a Tradičné a regionálne potraviny z pohľadu spotrebiteľov v SR  |b bakalárska práca  |c Veronika Pazúriková ; školiteľ: Malgorzata A. Jarossová 
264 1 |a Bratislava  |c 2014 
300 |a 66 s. 
100 1 |a Pazúriková, Veronika 
700 1 |a Jarossová, Malgorzata Agnieszka, 1978- 
710 2 |a Obchodná fakulta EU. Katedra tovaroznalectva a kvality tovaru